[Event "Oberliga Ost-B 1920"]
[Site "Germany"]
[Date "2020.03.01"]
[Round "9.4"]
[White "Grund, Sebastian"]
[Black "Akbarinia, Sayed Arash"]
[Result "0-1"]
[WhiteElo "1875"]
[BlackElo "2374"]
[PlyCount "48"]
[EventDate "2019.09.29"]
[EventType "team-tourn"]
[EventRounds "11"]
[EventCountry "GER"]
[SourceTitle "EXT 2023"]
[Source "ChessBase"]
[SourceDate "2022.10.05"]
[SourceVersion "1"]
[SourceVersionDate "2022.10.05"]
[SourceQuality "1"]
[WhiteTeam "Erfurt Medizin"]
[BlackTeam "Oberursel"]
[WhiteTeamCountry "GER"]
[BlackTeamCountry "GER"]

1. d4 d5 2. Nf3 Nf6 3. c4 e6 4. g3 dxc4 5. Qa4+ Nbd7 6. Bg2 a6 7. Qxc4 c5 8. 0-0 b5 9. Qc2 Bb7 10. e3 Rc8 11. Qe2 Qc7 12. a4 c4 13. Nbd2 Ne4 14. Ne5 Nxe5 15. dxe5 Nc5 16. axb5 axb5 17. f4 Be7 18. Kh1 Bxg2+ 19. Qxg2 0-0 20. e4 Rfd8 21. f5 Bf8 22. f6 Qb7 23. Ra3 Nd3 24. Qh3 Nxc1 0-1

[Event "Oberliga Ost-B 1920"]
[Site "Germany"]
[Date "2020.01.19"]
[Round "7.4"]
[White "Grund, Sebastian"]
[Black "Reucker, Friedrich"]
[Result "0-1"]
[WhiteElo "1875"]
[BlackElo "2046"]
[PlyCount "60"]
[EventDate "2019.09.29"]
[EventType "team-tourn"]
[EventRounds "11"]
[EventCountry "GER"]
[SourceTitle "EXT 2021"]
[Source "ChessBase"]
[SourceDate "2020.10.23"]
[SourceVersion "1"]
[SourceVersionDate "2020.10.23"]
[SourceQuality "1"]
[WhiteTeam "Erfurt Medizin"]
[BlackTeam "Erfurt Empor"]
[WhiteTeamCountry "GER"]
[BlackTeamCountry "GER"]

1. d4 Nf6 2. Nf3 e6 3. c4 d5 4. g3 Bb4+ 5. Bd2 Bd6 6. Bg2 c6 7. 0-0 0-0 8. Bg5 Nbd7 9. Nc3 h6 10. Bc1 dxc4 11. Nd2 Nb6 12. Nce4 Be7 13. e3 Nxe4 14. Bxe4 Qc7 15. Qe2 e5 16. Nxc4 exd4 17. exd4 Nxc4 18. Qxc4 Bh3 19. Re1 Rad8 20. d5 Qa5 21. Qe2 Bb4 22. Rd1 Rfe8 23. Qc2 cxd5 24. Bg2 Bg4 25. f3 Bc5+ 26. Kf1 Bd7 27. a4 Bb6 28. Bf4 Rc8 29. Qb3 Qc5 30. Rd2 Qg1# 0-1

[Event "GER-chT Lands U20"]
[Site "Wuerzburg"]
[Date "2019.10.05"]
[Round "6.8"]
[White "Grund, Sebastian"]
[Black "Jakob, Georg"]
[Result "0-1"]
[WhiteElo "2054"]
[BlackElo "1952"]
[PlyCount "80"]
[EventDate "2019.10.01"]
[EventType "team-swiss"]
[EventRounds "7"]
[EventCountry "GER"]
[SourceTitle "EXT 2020"]
[Source "ChessBase"]
[SourceDate "2019.10.17"]
[SourceVersion "1"]
[SourceVersionDate "2019.10.17"]
[SourceQuality "1"]
[WhiteTeam "Thueringen"]
[BlackTeam "South Team"]
[WhiteTeamCountry "GER"]
[BlackTeamCountry "GER"]

1. d4 Nf6 2. Nf3 e6 3. c4 Bb4+ 4. Bd2 c5 5. Bxb4 cxb4 6. g3 0-0 7. Bg2 d6 8. 0-0 Nc6 9. Nbd2 e5 10. d5 Nb8 11. Ne1 a5 12. Nd3 Na6 13. e4 Nd7 14. a3 Qb6 15. Kh1 Ndc5 16. Nxc5 Nxc5 17. f4 Nd3 18. Qe2 Nxb2 19. fxe5 dxe5 20. axb4 Qxb4 21. Rfb1 Qc3 22. Nf3 Nd3 23. Bf1 Bg4 24. Qe3 Nf2+ 25. Qxf2 Bxf3+ 26. Bg2 Bxg2+ 27. Qxg2 Qxc4 28. Rxb7 Qd4 29. Rf1 Rab8 30. Rxb8 Rxb8 31. Qf3 Kh8 32. Rd1 Qa4 33. d6 Qd7 34. Qa3 a4 35. Rc1 h6 36. Rd1 Qg4 37. Qd3 Rb3 38. Qd5 Qf3+ 39. Kg1 Rb2 40. Qa8+ Kh7 0-1

[Event "GER-chT U20"]
[Site "Osnabrueck"]
[Date "2018.12.29"]
[Round "5.1"]
[White "Grohmann, Alexander"]
[Black "Grund, Sebastian"]
[Result "0-1"]
[WhiteElo "1985"]
[BlackElo "2050"]
[PlyCount "94"]
[EventDate "2018.12.27"]
[EventType "team-swiss"]
[EventRounds "7"]
[EventCountry "GER"]
[SourceTitle "CBM 188 Extra"]
[Source "ChessBase"]
[SourceDate "2019.02.26"]
[SourceVersion "1"]
[SourceVersionDate "2019.02.26"]
[SourceQuality "1"]
[WhiteTeam "Hoyerswerda"]
[BlackTeam "Saalfeld"]
[WhiteTeamCountry "GER"]
[BlackTeamCountry "GER"]

1. e4 c5 2. Nc3 Nc6 3. f4 g6 4. Nf3 Bg7 5. Bb5 Nd4 6. 0-0 a6 7. Bd3 e6 8. Kh1 Ne7 9. Nxd4 cxd4 10. Ne2 d6 11. c3 dxc3 12. bxc3 0-0 13. Bc2 f5 14. d4 e5 15. Rb1 Qc7 16. Bb3+ Kh8 17. fxe5 dxe5 18. d5 Qd6 19. c4 f4 20. c5 Qxc5 21. d6 Bg4 22. dxe7 Qxe7 23. Qe1 f3 24. Ng1 fxg2+ 25. Kxg2 Bf6 26. Qg3 h5 27. Bb2 Kh7 28. Nf3 Qb4 29. Bd5 Qa4 30. Bxe5 Bxf3+ 31. Rxf3 Bxe5 32. Rxb7+ Kh6 33. Qf2 Rxf3 34. Qxf3 Qc2+ 35. Kf1 Qc1+ 36. Ke2 Qc2+ 37. Ke1 Qc1+ 38. Ke2 Rc8 39. Qe3+ Qxe3+ 40. Kxe3 Rc3+ 41. Kd2 Rh3 42. Rb6 Rxh2+ 43. Kd3 h4 44. Rxa6 Rg2 45. Re6 Rg5 46. Rb6 h3 47. Rb1 h2 0-1

[Event "GER-chT U20"]
[Site "Osnabrueck"]
[Date "2018.12.28"]
[Round "4.1"]
[White "Grund, Sebastian"]
[Black "Wacker, Felix"]
[Result "0-1"]
[WhiteElo "2050"]
[BlackElo "1999"]
[PlyCount "48"]
[EventDate "2018.12.27"]
[EventType "team-swiss"]
[EventRounds "7"]
[EventCountry "GER"]
[SourceTitle "CBM 188 Extra"]
[Source "ChessBase"]
[SourceDate "2019.02.26"]
[SourceVersion "1"]
[SourceVersionDate "2019.02.26"]
[SourceQuality "1"]
[WhiteTeam "Saalfeld"]
[BlackTeam "Lambsheim"]
[WhiteTeamCountry "GER"]
[BlackTeamCountry "GER"]

1. d4 Nf6 2. Nf3 g6 3. c4 Bg7 4. g3 0-0 5. Bg2 c5 6. d5 d6 7. 0-0 e6 8. Nc3 exd5 9. cxd5 Re8 10. Nd2 a6 11. a4 Nbd7 12. Nc4 Ne5 13. Nxe5 Rxe5 14. Bf4 Re8 15. Qd2 Rb8 16. a5 b5 17. axb6 Rxb6 18. Ra2 Nh5 19. Bg5 f6 20. Be3 f5 21. Bg5 Qc7 22. Rc1 Rb4 23. Be3 Qf7 24. Ra4 Bxc3 0-1

[Event "GER-chT U20"]
[Site "Osnabrueck"]
[Date "2018.12.27"]
[Round "2.1"]
[White "Browning, Alex"]
[Black "Grund, Sebastian"]
[Result "1/2-1/2"]
[WhiteElo "2052"]
[BlackElo "2050"]
[PlyCount "162"]
[EventDate "2018.12.27"]
[EventType "team-swiss"]
[EventRounds "7"]
[EventCountry "GER"]
[SourceTitle "CBM 188 Extra"]
[Source "ChessBase"]
[SourceDate "2019.02.26"]
[SourceVersion "1"]
[SourceVersionDate "2019.02.26"]
[SourceQuality "1"]
[WhiteTeam "Halver Schalksmuehle"]
[BlackTeam "Saalfeld"]
[WhiteTeamCountry "GER"]
[BlackTeamCountry "GER"]

1. e4 c5 2. Nf3 Nc6 3. c3 Nf6 4. e5 Nd5 5. d4 cxd4 6. cxd4 d6 7. Bc4 dxe5 8. Nxe5 e6 9. 0-0 Bd6 10. Nf3 Nb6 11. Bd3 Bd7 12. Nc3 a6 13. a3 Qc7 14. Bd2 Ne7 15. Rc1 Bc6 16. Ne4 Bf4 17. Ne5 Bxe5 18. dxe5 Qxe5 19. Bc3 Qd5 20. Bxg7 0-0-0 21. Bxh8 Rxh8 22. Bb1 Rg8 23. Qxd5 Nbxd5 24. f3 Nf4 25. Ng3 h5 26. Rc4 Ned5 27. Be4 Nxg2 28. Bxd5 exd5 29. Rd4 Ne3 30. Rc1 Nf5 31. Rxd5 Nxg3 32. hxg3 Kb8 33. Rf5 Rxg3+ 34. Kf2 h4 35. Rxf7 Rh3 36. b4 Rh2+ 37. Kg1 Rd2 38. Rc3 h3 39. Rh7 Rg2+ 40. Kh1 Rg3 41. Rf7 Rg2 42. Rh7 Rg3 43. Kh2 Rxf3 44. Rxf3 Bxf3 45. Rxh3 Bc6 46. Kg3 Kc7 47. Kf4 Kd6 48. Rh5 Kc7 49. Ke5 Kb6 50. Kd6 Bb5 51. Re5 a5 52. Re4 Bc6 53. Rg4 Ba4 54. bxa5+ Kxa5 55. Kc5 Bb5 56. Rb4 Bc6 57. Rf4 Bg2 58. Rf2 Be4 59. Rf8 b6+ 60. Kc4 Ka4 61. Rf4 Bb1 62. Rf6 Kxa3 63. Kc3 Ka2 64. Rxb6 Ka1 65. Kb3 Bd3 66. Rd6 Be4 67. Rd4 Bf5 68. Rf4 Bd3 69. Ra4+ Kb1 70. Rd4 Bc2+ 71. Kc3 Bf5 72. Kb3 Bc2+ 73. Ka3 Ka1 74. Rd2 Bb1 75. Rb2 Be4 76. Ra2+ Kb1 77. Rf2 Bd3 78. Rf3 Bc4 79. Rg3 Kc2 80. Rg2+ Kb1 81. Rg4 Bd3 1/2-1/2

[Event "Oberliga Ost-B 1819"]
[Site "Germany"]
[Date "2018.10.21"]
[Round "1.7"]
[White "Grund, Sebastian"]
[Black "Heiling, Thomas"]
[Result "0-1"]
[WhiteElo "1992"]
[BlackElo "2226"]
[PlyCount "86"]
[EventDate "2018.10.21"]
[EventType "team-tourn"]
[EventRounds "11"]
[EventCountry "GER"]
[SourceTitle "EXT 2020"]
[Source "ChessBase"]
[SourceDate "2019.10.17"]
[SourceVersion "1"]
[SourceVersionDate "2019.10.17"]
[SourceQuality "1"]
[WhiteTeam "Erfurt Medizin"]
[BlackTeam "Marburg"]
[WhiteTeamCountry "GER"]
[BlackTeamCountry "GER"]

1. d4 Nf6 2. Nf3 g6 3. c4 Bg7 4. g3 0-0 5. Bg2 d6 6. 0-0 Nbd7 7. Nc3 e5 8. e4 c6 9. h3 exd4 10. Nxd4 Re8 11. Re1 a5 12. Bf4 Ne5 13. Qe2 a4 14. Rad1 Qa5 15. Nc2 Be6 16. Rxd6 Bxc4 17. Qd2 Be6 18. Bxe5 Qxe5 19. f4 Qc5+ 20. Kh2 Nd7 21. e5 Nb6 22. Ne3 Qa5 23. Rd1 Bf8 24. Ne4 Qxd2 25. Nf6+ Kh8 26. R6xd2 Rec8 27. Ne4 Bxa2 28. f5 Bb3 29. Rf1 Bh6 30. Re2 Nc4 31. Ng4 Bg7 32. f6 Bf8 33. Ng5 Nb6 34. e6 Bxe6 35. Nxe6 fxe6 36. Rxe6 Re8 37. Rfe1 Rxe6 38. Rxe6 Nc4 39. Nf2 Nxb2 40. Ne4 a3 41. Ng5 a2 42. Re4 a1Q 43. Rh4 h6 0-1

[Event "Youth District Germany"]
[Site "Wuerzburg"]
[Date "2018.10.04"]
[Round "3.4"]
[White "Grund, Sebastian"]
[Black "Musiolik, David"]
[Result "1-0"]
[WhiteElo "1992"]
[BlackElo "2057"]
[PlyCount "69"]
[EventDate "2018.10.02"]
[EventType "team-swiss"]
[EventRounds "7"]
[EventCountry "GER"]
[SourceTitle "CBM 186 Extra"]
[Source "ChessBase"]
[SourceDate "2018.08.24"]
[SourceVersion "1"]
[SourceVersionDate "2018.08.24"]
[SourceQuality "1"]
[WhiteTeam "Thueringen U20"]
[BlackTeam "Rheinland Pfalz U20"]
[WhiteTeamCountry "GER"]
[BlackTeamCountry "GER"]

1. d4 d5 2. Nf3 Nf6 3. c4 e6 4. g3 Bb4+ 5. Bd2 Be7 6. Bg2 0-0 7. 0-0 Nbd7 8. Qc2 Ne4 9. Nc3 Nxd2 10. Nxd2 c6 11. e4 dxc4 12. Nxc4 Nb6 13. Nxb6 Qxb6 14. Rfd1 Rd8 15. Na4 Qc7 16. Rac1 Bf6 17. e5 Be7 18. Be4 g6 19. Bg2 Bd7 20. Nc3 Rac8 21. Ne4 Qa5 22. Qe2 Qxa2 23. Qf3 Qa5 24. Qf4 Kg7 25. Nf6 Qb4 26. g4 Bxf6 27. exf6+ Kh8 28. Rc5 b6 29. Qh6 Rg8 30. Rh5 gxh5 31. Be4 Rxg4+ 32. Kh1 Kg8 33. Bxh7+ Kh8 34. Bg6+ Kg8 35. Qg7# 1-0

[Event "GER-ch U25-A"]
[Site "Willingen"]
[Date "2018.05.26"]
[Round "9"]
[White "Reitz, Philipp"]
[Black "Grund, Sebastian"]
[Result "1-0"]
[WhiteElo "1980"]
[BlackElo "1912"]
[PlyCount "73"]
[EventDate "2018.05.19"]
[EventType "swiss"]
[EventRounds "9"]
[EventCountry "GER"]
[SourceTitle "CBM 184 Extra"]
[Source "ChessBase"]
[SourceDate "2018.06.28"]
[SourceVersion "1"]
[SourceVersionDate "2018.06.28"]
[SourceQuality "1"]

1. e4 c5 2. Nc3 Nc6 3. Bb5 Nd4 4. Bc4 e6 5. Nge2 Nf6 6. 0-0 b5 7. Bxb5 Nxb5 8. Nxb5 Nxe4 9. d4 Qb6 10. c4 cxd4 11. Qxd4 Qxd4 12. Nexd4 Bc5 13. Re1 Bb7 14. Be3 0-0 15. f3 Nf6 16. Nb3 Bxe3+ 17. Rxe3 d5 18. c5 Ba6 19. Nc7 Bc4 20. Nxa8 Rxa8 21. Nd4 Nd7 22. b3 Ba6 23. b4 e5 24. Nc6 d4 25. Ra3 Bb5 26. Ne7+ Kf8 27. Nd5 Bc4 28. Nb6 Nxb6 29. cxb6 a6 30. Rc1 Bd5 31. Ra5 Bb7 32. Rxe5 Rd8 33. Kf2 Rd6 34. Rd1 f6 35. Rc5 d3 36. a3 Rxb6 37. Rxd3 1-0

[Event "GER-ch U25-A"]
[Site "Willingen"]
[Date "2018.05.24"]
[Round "7"]
[White "Nguyen, Ha Thanh"]
[Black "Grund, Sebastian"]
[Result "1/2-1/2"]
[WhiteElo "1840"]
[BlackElo "1912"]
[PlyCount "47"]
[EventDate "2018.05.19"]
[EventType "swiss"]
[EventRounds "9"]
[EventCountry "GER"]
[SourceTitle "CBM 184 Extra"]
[Source "ChessBase"]
[SourceDate "2018.06.28"]
[SourceVersion "1"]
[SourceVersionDate "2018.06.28"]
[SourceQuality "1"]

1. e4 c5 2. Nf3 Nc6 3. d4 cxd4 4. Nxd4 g6 5. Nc3 Bg7 6. Be3 Nf6 7. Bc4 Qa5 8. 0-0 0-0 9. Bb3 d6 10. h3 Bd7 11. f4 Nxd4 12. Bxd4 Bc6 13. Re1 Rae8 14. Nd5 e5 15. fxe5 dxe5 16. Nxf6+ Bxf6 17. Bf2 Rd8 18. Qf3 Bg7 19. Rad1 Rxd1 20. Rxd1 Ba4 21. Rd5 Qa6 22. Bc5 Bxb3 23. axb3 Rc8 24. Kh2 1/2-1/2

[Event "GER-ch U25-A"]
[Site "Willingen"]
[Date "2018.05.23"]
[Round "6"]
[White "Hinrichs, Niklas"]
[Black "Grund, Sebastian"]
[Result "1-0"]
[WhiteElo "2011"]
[BlackElo "1912"]
[PlyCount "73"]
[EventDate "2018.05.19"]
[EventType "swiss"]
[EventRounds "9"]
[EventCountry "GER"]
[SourceTitle "CBM 184 Extra"]
[Source "ChessBase"]
[SourceDate "2018.06.28"]
[SourceVersion "1"]
[SourceVersionDate "2018.06.28"]
[SourceQuality "1"]

1. d4 Nf6 2. Nf3 g6 3. Nbd2 d5 4. b4 Bg7 5. e3 0-0 6. c4 a5 7. b5 c6 8. a4 dxc4 9. Bxc4 Re8 10. 0-0 Nbd7 11. Bb2 Nd5 12. Qb3 N7b6 13. Be2 Be6 14. Qa3 Qd6 15. Ne4 Qxa3 16. Rxa3 Nb4 17. Rc1 cxb5 18. Bxb5 Rec8 19. Nc5 Bd5 20. Raa1 Rc7 21. Nd2 Rac8 22. Ncb3 Rc2 23. Ba3 Bxb3 24. Nxb3 R8c3 25. Rcb1 N6d5 26. Nxa5 b6 27. Nb3 Nd3 28. Bxd3 Rxd3 29. h3 Nc3 30. Re1 Ne2+ 31. Kf1 Rxb3 32. Rxe2 Rcc3 33. Bxe7 Rc4 34. Rea2 Rc7 35. Bd6 Rd7 36. Bg3 Ra7 37. a5 1-0

[Event "Heusenstamm Sparkassen op-A 4th"]
[Site "Heusenstamm"]
[Date "2017.11.25"]
[Round "4"]
[White "Grund, Sebastian"]
[Black "Schaefer, Peter Felix"]
[Result "1-0"]
[WhiteElo "1799"]
[BlackElo "1813"]
[PlyCount "67"]
[EventDate "2017.11.23"]
[EventType "swiss"]
[EventRounds "7"]
[EventCountry "GER"]
[SourceTitle "EXT 2019"]
[Source "ChessBase"]
[SourceDate "2018.10.10"]
[SourceVersion "1"]
[SourceVersionDate "2018.10.10"]
[SourceQuality "1"]

1. d4 e6 2. Nf3 d5 3. c4 Nf6 4. g3 c6 5. Bg2 Bb4+ 6. Bd2 Bd6 7. 0-0 0-0 8. Qc2 Ne4 9. Nc3 f5 10. Rab1 a5 11. a3 Nd7 12. b4 axb4 13. axb4 Qf6 14. e3 g5 15. b5 h5 16. bxc6 bxc6 17. cxd5 g4 18. Nxe4 fxe4 19. Ne5 cxd5 20. Qc6 Ra6 21. Nxd7 Rxc6 22. Nxf6+ Rxf6 23. Rfc1 Rxc1+ 24. Rxc1 Bd7 25. Rb1 Rf7 26. Bf1 Kg7 27. h3 Kf6 28. hxg4 hxg4 29. Be2 e5 30. Rb6 Ke7 31. dxe5 Bxe5 32. Bb4+ Kd8 33. Bd6 Rf6 34. Rb8+ 1-0

[Event "Heusenstamm Sparkassen op-A 4th"]
[Site "Heusenstamm"]
[Date "2017.11.23"]
[Round "1"]
[White "Neukirchner, Pascal"]
[Black "Grund, Sebastian"]
[Result "1-0"]
[WhiteElo "2139"]
[BlackElo "1799"]
[PlyCount "45"]
[EventDate "2017.11.23"]
[EventType "swiss"]
[EventRounds "7"]
[EventCountry "GER"]
[SourceTitle "EXT 2019"]
[Source "ChessBase"]
[SourceDate "2018.10.10"]
[SourceVersion "1"]
[SourceVersionDate "2018.10.10"]
[SourceQuality "1"]

1. d4 Nf6 2. c4 g6 3. f3 d5 4. cxd5 Nxd5 5. e4 Nb6 6. Nc3 Bg7 7. Be3 0-0 8. Qd2 e5 9. d5 c6 10. h4 cxd5 11. exd5 f5 12. 0-0-0 f4 13. Bf2 Bf5 14. Bd3 Bxd3 15. Qxd3 Na6 16. h5 g5 17. h6 Bh8 18. Kb1 Rc8 19. Ne4 Nc4 20. Rh5 Bf6 21. Nh3 Nb4 22. Qb3 Qa5 23. Be1 1-0

[Event "Arber op 6th"]
[Site "Bodenmais"]
[Date "2017.08.05"]
[Round "8"]
[White "Grund, Sebastian"]
[Black "Glaser, Max"]
[Result "1/2-1/2"]
[WhiteElo "1898"]
[BlackElo "1679"]
[PlyCount "44"]
[EventDate "2017.07.29"]
[EventType "swiss"]
[EventRounds "9"]
[EventCountry "GER"]
[SourceTitle "EXT 2018"]
[Source "ChessBase"]
[SourceDate "2017.10.13"]
[SourceVersion "1"]
[SourceVersionDate "2017.10.13"]
[SourceQuality "1"]

1. d4 Nf6 2. Nf3 e6 3. c4 b6 4. g3 Bb7 5. Bg2 Be7 6. 0-0 0-0 7. Nc3 Ne4 8. Qc2 Nxc3 9. Qxc3 f5 10. Rd1 d6 11. c5 dxc5 12. Be3 Bf6 13. Qa3 Qe7 14. dxc5 Nd7 15. Rac1 bxc5 16. Bxc5 Nxc5 17. Qxc5 Qxc5 18. Rxc5 Rad8 19. Rdc1 Bxb2 20. Rb1 Bxf3 21. Bxf3 Bd4 22. Rxc7 Bb6 1/2-1/2

[Event "GER-ch U25-A"]
[Site "Willingen"]
[Date "2017.06.10"]
[Round "9"]
[White "Grund, Sebastian"]
[Black "Hinrichs, Niklas"]
[Result "1-0"]
[WhiteElo "1729"]
[BlackElo "1985"]
[PlyCount "63"]
[EventDate "2017.06.04"]
[EventType "swiss"]
[EventRounds "9"]
[EventCountry "GER"]
[SourceTitle "CBM 178 Extra"]
[Source "ChessBase"]
[SourceDate "2017.06.22"]
[SourceVersion "1"]
[SourceVersionDate "2017.06.22"]
[SourceQuality "1"]

1. d4 d5 2. Nf3 Nf6 3. c4 c6 4. Nc3 e6 5. g3 Nbd7 6. Bg2 Bd6 7. 0-0 0-0 8. Nd2 a6 9. e4 dxe4 10. Ndxe4 Be7 11. Qe2 Nxe4 12. Nxe4 b5 13. Nc3 Bb7 14. d5 cxd5 15. cxd5 exd5 16. Nxd5 Bxd5 17. Bxd5 Ra7 18. Rd1 Bc5 19. Bf4 Qb6 20. Rac1 h6 21. h4 Qf6 22. b4 Bxb4 23. Be3 Re8 24. Qg4 Rxe3 25. fxe3 Qe7 26. Rc8+ Nf8 27. Qd4 Rd7 28. h5 Qg5 29. Qxb4 Qxg3+ 30. Kf1 Qh3+ 31. Kf2 Qf5+ 32. Ke1 1-0

[Event "GER-ch U25-A"]
[Site "Willingen"]
[Date "2017.06.08"]
[Round "7"]
[White "Grund, Sebastian"]
[Black "Knudsen, Simon"]
[Result "1-0"]
[WhiteElo "1729"]
[BlackElo "1997"]
[PlyCount "105"]
[EventDate "2017.06.04"]
[EventType "swiss"]
[EventRounds "9"]
[EventCountry "GER"]
[SourceTitle "CBM 178 Extra"]
[Source "ChessBase"]
[SourceDate "2017.06.22"]
[SourceVersion "1"]
[SourceVersionDate "2017.06.22"]
[SourceQuality "1"]

1. d4 d5 2. Nf3 Nc6 3. c4 Bg4 4. Nc3 e6 5. e3 Nf6 6. Be2 Bb4 7. 0-0 0-0 8. Qb3 dxc4 9. Qxc4 a6 10. Rd1 Qe7 11. d5 Bxf3 12. Bxf3 Ne5 13. Qe2 Bxc3 14. bxc3 Nxf3+ 15. Qxf3 exd5 16. c4 c6 17. cxd5 Nxd5 18. e4 Nf6 19. Ba3 Qxe4 20. Qxe4 Nxe4 21. Bxf8 Kxf8 22. f3 Nf6 23. Rab1 b5 24. Rd6 c5 25. Rc6 c4 26. a4 Rb8 27. Rxc4 g6 28. Rc6 Nd5 29. Rxa6 b4 30. Ra5 Nc3 31. Rb3 Kg7 32. Rc5 Nxa4 33. Rc4 h5 34. Rcxb4 Rxb4 35. Rxb4 Nc5 36. Rc4 Nd3 37. f4 Kf6 38. Kf1 g5 39. fxg5+ Kxg5 40. Ke2 Ne5 41. Rc5 Kf4 42. Ra5 f6 43. Ra4+ Kg5 44. h4+ Kf5 45. Ke3 Ng4+ 46. Kf3 Ne5+ 47. Kg3 Ng4 48. Rf4+ Kg6 49. Rxg4+ hxg4 50. Kxg4 f5+ 51. Kf4 Kh5 52. Kxf5 Kxh4 53. g4 1-0